[Event "?"]
[Site "Montevideo URU"]
[Date "2018.06.01"]
[Round "1"]
[White "Shankland, Samuel"]
[Black "Guerrero, Alvaro"]
[Result "1-0"]
[WhiteElo "2717"]
[BlackElo "2116"]
[EventDate "2018.06.01"]
[PlyCount "77"]

1.g3 Nf6 2.Bg2 g6 3.Nf3 Bg7 4.d4 O-O 5.O-O d6 6.c4 Nc6 7.Nc3 a6 8.b3 Rb8 
9.d5 Na5 10.Bg5 b5 11.cxb5 axb5 12.b4 Nc4 13.Qb3 h6 14.Nxb5 hxg5 15.Qxc4 
Ba6 16.a4 Nd7 17.Rac1 Nb6 18.Qe4 Nxa4 19.Nxc7 Bc8 20.Nxg5 Bf6 21.Qh4 Bxg5 
22.Qxg5 Rxb4 23.Ne6 Bxe6 24.dxe6 Kg7 25.exf7 Rxf7 26.h4 Rf5 27.Qd2 Qb8 28.
e4 Rfb5 29.Rc6 Qa7 30.Qf4 Re5 31.Rc8 Rf5 32.Qc1 Rc5 33.Qe3 Qb6 34.Ra8 Rc7 
35.Qf4 Qd4 36.Qf8+ Kh7 37.Qg8+ Kh6 38.g4 e6 39.Bf3 1-0

[Event "XIII American Continental"]
[Site "Montevideo URU"]
[Date "2018.06.01"]
[Round "1"]
[White "Avgoustopoulos, Christian"]
[Black "Cori Tello, Jorge"]
[Result "0-1"]
[WhiteElo "2110"]
[BlackElo "2659"]
[EventDate "2018.06.01"]
[PlyCount "42"]

1.e4 c5 2.Nf3 e6 3.d4 cxd4 4.Nxd4 Nc6 5.c4 Nf6 6.Nxc6 bxc6 7.Bd3 e5 8.O-O 
Be7 9.Nc3 O-O 10.b3 d6 11.Bb2 Rb8 12.Qc2 Be6 13.Rad1 Qc8 14.Be2 Rd8 15.Rd2
h6 16.Rfd1 Qc7 17.Ba3 Rbc8 18.Na4 Bf8 19.h3 Nxe4 20.Qxe4 d5 21.Qb1 Bxa3 
0-1

[Event "XIII American Continental"]
[Site "Montevideo URU"]
[Date "2018.06.01"]
[Round "1"]
[White "Xiong, Jeffery"]
[Black "Arias Bouzada, Jorge"]
[Result "1-0"]
[WhiteElo "2656"]
[BlackElo "2097"]
[EventDate "2018.06.01"]
[PlyCount "36"]

1.e4 c5 2.Nf3 Nc6 3.Bb5 g6 4.Bxc6 bxc6 5.O-O Bg7 6.Re1 e5 7.c3 d6 8.d4 
cxd4 9.cxd4 Bg4 10.dxe5 Bxe5 11.Nbd2 Ne7 12.Nc4 Qc7 13.h3 Bxf3 14.Qxf3 f6 
15.Bh6 Kf7 16.Nxe5+ dxe5 17.Qb3+ Ke8 18.Qe6 Qd8 1-0

[Event "XIII American Continental"]
[Site "Montevideo URU"]
[Date "2018.06.01"]
[Round "1"]
[White "Santos Filho, Tadeu Sousa"]
[Black "Mareco, Sandro"]
[Result "0-1"]
[WhiteElo "2096"]
[BlackElo "2643"]
[EventDate "2018.06.01"]
[PlyCount "108"]

1.e4 c5 2.Nc3 d6 3.Nge2 Nf6 4.g3 g6 5.Bg2 Bg7 6.d4 cxd4 7.Nxd4 O-O 8.O-O 
Bg4 9.Nde2 Qd7 10.Re1 Nc6 11.f3 Bh3 12.Bh1 Qd8 13.Be3 Qa5 14.Qd2 Rfc8 15.
Rad1 b5 16.b3 Bd7 17.a4 a6 18.Ra1 b4 19.Na2 d5 20.e5 Nxe5 21.Nxb4 Qc7 22.
c3 a5 23.Nc2 Nc6 24.Na3 Na7 25.Bg2 Rab8 26.Rab1 e5 27.Rec1 Bf5 28.Rb2 h5 
29.Kh1 Be6 30.Rcb1 Bf8 31.Nc2 Nc6 32.Bg1 Bf5 33.Rc1 Qd7 34.Rbb1 Rb7 35.Rd1
Qc7 36.Rb2 Ne7 37.Na3 Bd7 38.c4 Nf5 39.Nb5 Qd8 40.Na7 Rxa7 41.Bxa7 d4 42.
c5 Bc6 43.Bb6 Qe8 44.Re1 Nd5 45.Kg1 Nxb6 46.cxb6 Bb4 47.Qd1 Ne3 48.Qb1 Rb8
49.Rc1 Rxb6 50.Rbc2 Nxc2 51.Qxc2 Bd5 52.Qd3 Ba3 53.Rb1 Qc6 54.Kf2 Qb7 0-1

[Event "XIII American Continental"]
[Site "Montevideo URU"]
[Date "2018.06.01"]
[Round "1"]
[White "Cordova Daza, Emilio"]
[Black "Restuccia, Francisco"]
[Result "1-0"]
[WhiteElo "2621"]
[BlackElo "2094"]
[EventDate "2018.06.01"]
[PlyCount "97"]

1.Nf3 Nf6 2.c4 g6 3.b3 Bg7 4.Bb2 O-O 5.g3 d6 6.d4 e5 7.dxe5 Ng4 8.Nc3 Nxe5
9.Nxe5 Bxe5 10.Bg2 Nc6 11.Qd2 Be6 12.h4 Qd7 13.Ne4 Qe7 14.f4 Bxb2 15.Qxb2 
f6 16.Qd2 Rae8 17.Nc3 Bg4 18.e4 Qg7 19.O-O Kh8 20.Rae1 Qd7 21.Nd5 Qg7 22.
Qc3 Nd8 23.b4 Be6 24.Ne3 f5 25.Qxg7+ Kxg7 26.exf5 Bxf5 27.Nxf5+ gxf5 28.a4
Kf6 29.Kf2 h6 30.Rc1 Re7 31.Rfd1 Rfe8 32.Rc2 Nc6 33.b5 Nd8 34.c5 dxc5 35.
Rxc5 Ne6 36.Re5 b6 37.Bc6 Rg8 38.Rdd5 Ng7 39.Rxe7 Kxe7 40.Rd7+ Kf6 41.Rxc7
Nh5 42.Rxa7 Nxg3 43.a5 bxa5 44.b6 Ne4+ 45.Bxe4 fxe4 46.Rxa5 e3+ 47.Kxe3 
Rg3+ 48.Kd4 Rb3 49.Ke4 1-0

[Event "XIII American Continental"]
[Site "Montevideo URU"]
[Date "2018.06.01"]
[Round "1"]
[White "Rothebarth, Ana Vitoria de Paula"]
[Black "Flores, Diego"]
[Result "0-1"]
[WhiteElo "2090"]
[BlackElo "2614"]
[EventDate "2018.06.01"]
[PlyCount "54"]

1.e4 c5 2.Nf3 e6 3.b3 b6 4.Bd3 Bb7 5.O-O Nf6 6.Re1 Be7 7.Bb2 O-O 8.e5 Nd5 
9.Nc3 f5 10.Bf1 Nxc3 11.Bxc3 Qc7 12.Bb2 g5 13.d4 g4 14.Nd2 cxd4 15.Bxd4 
Nc6 16.Bb2 Nd8 17.Nc4 Nf7 18.Qd4 Qc6 19.Qf4 Ng5 20.Qg3 Nh3+ 21.Kh1 h5 22.
Bd4 h4 23.Qe3 Bg5 24.Qc3 Nf4 25.Nd6 h3 26.Qxc6 Bxc6 27.f3 hxg2+ 0-1

[Event "XIII American Continental"]
[Site "Montevideo URU"]
[Date "2018.06.01"]
[Round "1"]
[White "Sauvageot Ledezma, Diego"]
[Black "Cruz Sanchez, Cristhian"]
[Result "0-1"]
[WhiteElo "2084"]
[BlackElo "2576"]
[EventDate "2018.06.01"]
[PlyCount "72"]

1.e4 c5 2.Nf3 e6 3.d4 cxd4 4.Nxd4 Nf6 5.Nc3 d6 6.g4 h6 7.h3 a6 8.Bg2 g5 9.
Be3 Nbd7 10.Nde2 Ne5 11.Qd4 Bd7 12.O-O-O b5 13.f4 gxf4 14.Bxf4 Qc7 15.Qf2 
Be7 16.Ng3 Rc8 17.a3 a5 18.Qd4 Rb8 19.Nb1 b4 20.c3 bxc3 21.Nxc3 Nc4 22.Nh5
e5 23.Nxf6+ Bxf6 24.Nd5 exd4 25.Nxc7+ Kd8 26.Nd5 Be5 27.Bd2 Be6 28.Nf4 
Nxd2 29.Nxe6+ fxe6 30.Rxd2 Bf4 31.Rd1 Rf8 32.Kc2 Bxd2 33.Rxd2 Ke7 34.Kd3 
e5 35.Rc2 Rfc8 36.Rf2 Rb3+ 0-1

[Event "XIII American Continental"]
[Site "Montevideo URU"]
[Date "2018.06.01"]
[Round "1"]
[White "Liang, Awonder"]
[Black "Tregarthen, Emiliano"]
[Result "1-0"]
[WhiteElo "2571"]
[BlackElo "2083"]
[EventDate "2018.06.01"]
[PlyCount "73"]

1.e4 c5 2.Nf3 d6 3.Bb5+ Bd7 4.Bxd7+ Qxd7 5.O-O Nc6 6.c3 Nf6 7.d4 e6 8.d5 
Ne5 9.Nxe5 dxe5 10.dxe6 Qxe6 11.Na3 Be7 12.Qb3 Qxb3 13.axb3 O-O 14.Bg5 h6 
15.Bxf6 Bxf6 16.Nc4 Rfd8 17.Rfd1 Rxd1+ 18.Rxd1 b5 19.Na5 Bd8 20.Nc6 Bb6 
21.Rd7 f6 22.Kf1 Kf8 23.Ke2 b4 24.Rb7 bxc3 25.bxc3 h5 26.f3 c4 27.b4 Bg1 
28.h3 Rc8 29.Ne7 Ra8 30.Nd5 Rd8 31.Rc7 a5 32.bxa5 Ra8 33.Kf1 Bh2 34.Rc5 
Bg3 35.Nb6 Rd8 36.Ke2 Bf4 37.Rd5 1-0

[Event "XIII American Continental"]
[Site "Montevideo URU"]
[Date "2018.06.01"]
[Round "1"]
[White "Izquierdo, Daniel"]
[Black "Pichot, Alan"]
[Result "0-1"]
[WhiteElo "2078"]
[BlackElo "2564"]
[EventDate "2018.06.01"]
[PlyCount "64"]

1.Nf3 Nf6 2.d4 g6 3.Nbd2 Bg7 4.e4 d6 5.Bd3 O-O 6.O-O c5 7.c3 cxd4 8.cxd4 
Nc6 9.h3 Nd7 10.Nb3 a5 11.a4 b6 12.Bg5 Bb7 13.Re1 Nb4 14.Bb5 Nf6 15.d5 h6 
16.Bf4 Rc8 17.Rc1 Rxc1 18.Qxc1 Nxe4 19.Rxe4 Bxd5 20.Re3 e5 21.Bg3 f5 22.
Bc4 Qa8 23.Bxe5 dxe5 24.Nxe5 Rc8 25.Rc3 Re8 26.Nxg6 Na2 27.Qf1 Nxc3 28.
bxc3 Kh7 29.Nf4 Bxc4 30.Qxc4 Re1+ 31.Kh2 Qe4 32.Qc7 Qe5 0-1

[Event "XIII American Continental"]
[Site "Montevideo URU"]
[Date "2018.06.01"]
[Round "1"]
[White "Erenburg, Sergey"]
[Black "Medrano, Mario"]
[Result "1-0"]
[WhiteElo "2563"]
[BlackElo "2073"]
[EventDate "2018.06.01"]
[PlyCount "57"]

1.e4 c5 2.Nf3 d6 3.d4 cxd4 4.Nxd4 Nf6 5.Nc3 a6 6.Be3 e5 7.Nf3 Qc7 8.a4 Be6
9.Be2 Nbd7 10.O-O Be7 11.Ng5 Bc4 12.a5 Rc8 13.Ra4 Bxe2 14.Qxe2 O-O 15.Rd1 
Nb8 16.Nf3 Qd7 17.Nxe5 Qe8 18.Nc4 Nxe4 19.Nd5 Qxa4 20.Nxe7+ Kh8 21.Nxc8 
Rxc8 22.b3 Qe8 23.Bd4 d5 24.Nb6 Rd8 25.f3 Nf6 26.Qxe8+ Nxe8 27.c4 Nc6 28.
Nxd5 Nxa5 29.Bb6 1-0

[Event "XIII American Continental"]
[Site "Montevideo URU"]
[Date "2018.06.01"]
[Round "1"]
[White "Mosconi, Ariel"]
[Black "Perez Ponsa, Federico"]
[Result "0-1"]
[WhiteElo "2073"]
[BlackElo "2556"]
[EventDate "2018.06.01"]
[PlyCount "88"]

1.g3 d5 2.Bg2 g6 3.d4 Bg7 4.e3 Nf6 5.Ne2 O-O 6.O-O c5 7.Nbc3 cxd4 8.exd4 
Nc6 9.Nb1 Bg4 10.c3 e5 11.f3 Bf5 12.g4 Bd7 13.dxe5 Nxe5 14.Nd4 Re8 15.Na3 
Nc6 16.Nac2 Qb6 17.Kh1 Re7 18.b3 Nxd4 19.Nxd4 Rae8 20.Bg5 h6 21.Bd2 h5 22.
gxh5 Nxh5 23.Bg5 Bf6 24.Bxf6 Qxf6 25.f4 Qh4 26.Qf3 Re3 27.Qf2 Qxf2 28.Rxf2
Re1+ 29.Rxe1 Rxe1+ 30.Bf1 Bh3 31.Kg1 f5 32.Nb5 a6 33.Nd6 b5 34.Rf3 Bg4 35.
Rf2 Nf6 36.Kg2 Ne4 37.Nxe4 fxe4 38.Kg3 Bh5 39.Bh3 e3 40.Rg2 b4 41.Be6+ Kg7
42.Bxd5 bxc3 43.Bf3 e2 44.Bxh5 c2 0-1

[Event "XIII American Continental"]
[Site "Montevideo URU"]
[Date "2018.06.01"]
[Round "1"]
[White "Moradiabadi, Elshan"]
[Black "Saralegui, Mario"]
[Result "1-0"]
[WhiteElo "2549"]
[BlackElo "2069"]
[EventDate "2018.06.01"]
[PlyCount "79"]

1.d4 d5 2.c4 c6 3.Nf3 Nf6 4.Qb3 e6 5.Bg5 Be7 6.e3 O-O 7.Nc3 Nbd7 8.Rd1 Qa5
9.Bd3 dxc4 10.Bxc4 e5 11.O-O exd4 12.exd4 Nb6 13.Rfe1 Qb4 14.Bxf6 Qxb3 15.
Bxb3 Bxf6 16.Ne4 Be7 17.Neg5 Bxg5 18.Nxg5 Nd5 19.Bxd5 cxd5 20.Re7 h6 21.
Nf3 b6 22.h3 Be6 23.Rc1 Rfc8 24.Rxc8+ Rxc8 25.Rxa7 Rc1+ 26.Kh2 Rc2 27.b4 
Rxf2 28.a4 Ra2 29.Ra8+ Kh7 30.Ra6 Bf5 31.Kg3 Be4 32.h4 Bd3 33.Rxb6 Rxa4 
34.Ne5 Ra3 35.Kf2 f6 36.Nd7 h5 37.Rb7 Kg6 38.b5 Kf5 39.b6 Ke4 40.Ra7 1-0

[Event "XIII American Continental"]
[Site "Montevideo URU"]
[Date "2018.06.01"]
[Round "1"]
[White "Andrade, Roberto Luiz Costa"]
[Black "Mekhitarian, Krikor Sevag"]
[Result "0-1"]
[WhiteElo "2060"]
[BlackElo "2546"]
[EventDate "2018.06.01"]
[PlyCount "112"]

1.e4 c5 2.Nf3 Nc6 3.d4 cxd4 4.Nxd4 g6 5.Nc3 Bg7 6.Be3 Nf6 7.Bc4 O-O 8.Bb3 
Re8 9.f3 e6 10.O-O d5 11.exd5 Nxd5 12.Nxd5 exd5 13.Bf2 Qg5 14.Kh1 Be5 15.
c3 Qh5 16.Bg1 Nxd4 17.cxd4 Bf4 18.Ba4 Re7 19.Re1 Be6 20.Qc2 Rc7 21.Qf2 
Rac8 22.Rad1 a6 23.Re2 Qf5 24.a3 b5 25.Bb3 a5 26.g3 Bd6 27.Rdd2 Qf6 28.Rc2
a4 29.Rxc7 Rxc7 30.Bc2 Bf5 31.Kg2 h5 32.Bxf5 Qxf5 33.Qe3 Kg7 34.Qd2 Rc4 
35.Be3 Kh7 36.h4 Rc8 37.Bg5 Qb1 38.Re1 Qc2 39.Re2 Qxd2 40.Rxd2 Kg7 41.Kf2 
Rc4 42.Be3 Kf6 43.Rd1 Kf5 44.Rc1 f6 45.Kg2 g5 46.hxg5 fxg5 47.Kh3 g4+ 48.
Kg2 Be7 49.Kf2 Bf6 50.Rxc4 dxc4 51.Ke2 Bg7 52.Bg1 Bh6 53.Be3 Bxe3 54.Kxe3 
gxf3 55.Kxf3 b4 56.Ke3 c3 0-1

[Event "XIII American Continental"]
[Site "Montevideo URU"]
[Date "2018.06.01"]
[Round "1"]
[White "Martinez Alcantara, Jose Eduardo"]
[Black "Mariani, Daniel Brandao"]
[Result "1-0"]
[WhiteElo "2539"]
[BlackElo "2055"]
[EventDate "2018.06.01"]
[PlyCount "53"]

1.c4 c6 2.Nf3 d5 3.g3 Nf6 4.Bg2 Bf5 5.Qb3 Qc8 6.cxd5 cxd5 7.Nc3 e6 8.d3 
Nc6 9.Bf4 Be7 10.O-O O-O 11.Rac1 Qd7 12.Ne5 Nxe5 13.Bxe5 Ng4 14.Bf4 e5 15.
Nxd5 Be6 16.Bd2 Bd6 17.Rc2 Rad8 18.h3 Nf6 19.Nxf6+ gxf6 20.Qxb7 Qxb7 21.
Bxb7 Bxa2 22.Ra1 Bb3 23.Rcc1 Rd7 24.Bc8 Rc7 25.Bf5 Rb7 26.Ra6 Rd8 27.Ba5 
1-0

[Event "XIII American Continental"]
[Site "Montevideo URU"]
[Date "2018.06.01"]
[Round "1"]
[White "Bustelo, Tabare"]
[Black "El Debs, Felipe De Cresce"]
[Result "0-1"]
[WhiteElo "2050"]
[BlackElo "2537"]
[EventDate "2018.06.01"]
[PlyCount "148"]

1.Nc3 c5 2.Nf3 Nc6 3.d4 cxd4 4.Nxd4 g6 5.Nxc6 bxc6 6.Qd4 Nf6 7.e4 Bg7 8.e5
Nd5 9.Nxd5 cxd5 10.Qxd5 Rb8 11.Bc4 O-O 12.O-O Bb7 13.Qd4 d6 14.Qxa7 Qc8 
15.Qa4 Bc6 16.Qa6 Bb7 17.Qa4 Bxe5 18.Bh6 Bc6 19.Qa6 Bb7 20.Qa4 Bc6 21.Qa6 
Bxg2 22.Kxg2 Qg4+ 23.Kh1 Qf3+ 24.Kg1 Qg4+ 25.Kh1 Qf3+ 26.Kg1 Rfc8 27.Bxf7+
Kxf7 28.Qd3 Qxd3 29.cxd3 Rxb2 30.Be3 Rb4 31.Rac1 Ra8 32.Rc2 Rb2 33.Rxb2 
Bxb2 34.Rb1 Rxa2 35.Kg2 Bf6 36.Kf3 Ra4 37.h3 Ke6 38.Rb6 h5 39.Rb7 Ra3 40.
Ke2 Ra1 41.Kf3 Rg1 42.Rb4 Rd1 43.Rb3 d5 44.Ba7 Rh1 45.Kg2 Ra1 46.Bc5 Ra2 
47.Kf3 Kf5 48.Rb7 g5 49.Bxe7 Bd4 50.Kg2 Rxf2+ 51.Kh1 Rf3 52.Rb5 Ke6 53.
Bxg5 Rxh3+ 54.Kg2 Rxd3 55.Bd8 Rd2+ 56.Kf3 Rf2+ 57.Kg3 Rf8 58.Bg5 Rf5 59.
Bd8 Ke5 60.Be7 Ke4 61.Rb3 Bf2+ 62.Kg2 Be3 63.Bh4 d4 64.Rb8 d3 65.Re8+ Re5 
66.Rxe5+ Kxe5 67.Be1 Kf4 68.Bc3 Kg4 69.Be1 h4 70.Bc3 h3+ 71.Kh1 Bf4 72.Bb4
Kf3 73.Ba5 Ke2 74.Bb4 Bg3 0-1

[Event "XIII American Continental"]
[Site "Montevideo URU"]
[Date "2018.06.01"]
[Round "1"]
[White "Di Berardino, Diego Rafael"]
[Black "Okamura, Milton Kasuo"]
[Result "1-0"]
[WhiteElo "2525"]
[BlackElo "2050"]
[EventDate "2018.06.01"]
[PlyCount "77"]

1.d4 d5 2.c4 c6 3.Nf3 Nf6 4.Nc3 e6 5.e3 Nbd7 6.Qc2 Bd6 7.b3 O-O 8.Be2 e5 
9.cxd5 cxd5 10.dxe5 Nxe5 11.Bb2 Bg4 12.Nxe5 Bxe5 13.Bxg4 Nxg4 14.h3 Nf6 
15.O-O Rc8 16.Qd3 Qe7 17.Rab1 Rfd8 18.Ne2 Bb8 19.Rfd1 Ne4 20.Nd4 Qh4 21.
Qe2 Nc3 22.Bxc3 Rxc3 23.Rb2 a6 24.Rbd2 Ba7 25.Nf5 Qe4 26.Qh5 h6 27.Rxd5 
Rxd5 28.Rxd5 Rc7 29.Rd8+ Kh7 30.Ng3 Qe6 31.Qd1 Bc5 32.Qd3+ Qg6 33.Nf5 b6 
34.g4 a5 35.Qe4 Rc6 36.Qe8 Qf6 37.Qh8+ Kg6 38.Rg8 Bf8 39.Qxh6# 1-0

[Event "XIII American Continental"]
[Site "Montevideo URU"]
[Date "2018.06.01"]
[Round "1"]
[White "Caceres Vasquez, Sergio"]
[Black "Alonso, Salvador"]
[Result "0-1"]
[WhiteElo "2041"]
[BlackElo "2519"]
[EventDate "2018.06.01"]
[PlyCount "98"]

1.d4 d5 2.c4 c6 3.cxd5 cxd5 4.Nc3 Nf6 5.Bf4 Nc6 6.e3 a6 7.Be2 Qb6 8.a3 e6 
9.Nf3 Be7 10.O-O O-O 11.Ne5 Nxe5 12.Bxe5 Bd7 13.b4 Rfc8 14.Na4 Qa7 15.Nc5 
Bb5 16.Bxf6 Bxe2 17.Qxe2 Bxf6 18.Rac1 Be7 19.Nb3 b6 20.Qb2 Qd7 21.Rxc8+ 
Rxc8 22.Rc1 Rxc1+ 23.Qxc1 Qa4 24.Nd2 Bf8 25.g3 a5 26.bxa5 bxa5 27.Nb1 Qb3 
28.Kg2 g6 29.Kg1 h5 30.h4 Kg7 31.Kg2 Bd6 32.Kg1 Kf8 33.Kg2 Ke7 34.Kg1 Kd7 
35.Kg2 a4 36.Kg1 Qc4 37.Qxc4 dxc4 38.Kf1 Kc6 39.Ke2 e5 40.Kd2 exd4 41.exd4
Bc7 42.Nc3 Ba5 43.Kc2 Bb6 44.d5+ Kd6 45.f3 f5 46.Nxa4 Bf2 47.g4 hxg4 48.
fxg4 fxg4 49.Kd2 Bd4 0-1

[Event "XIII American Continental"]
[Site "Montevideo URU"]
[Date "2018.06.01"]
[Round "1"]
[White "Henriquez Villagra, Cristobal"]
[Black "Pomar, Marcelo Nascimento"]
[Result "1-0"]
[WhiteElo "2518"]
[BlackElo "2037"]
[EventDate "2018.06.01"]
[PlyCount "59"]

1.e4 e5 2.Nf3 Nc6 3.Bc4 Nf6 4.Ng5 d5 5.exd5 Na5 6.Bb5+ c6 7.dxc6 bxc6 8.
Bd3 Nd5 9.h4 Be7 10.Qf3 Nf4 11.Nxf7 Kxf7 12.g3 Bf6 13.gxf4 exf4 14.Nc3 
Re8+ 15.Kf1 Bb7 16.Qh5+ Kf8 17.b4 Re5 18.Qxh7 Qe7 19.Ba3 c5 20.bxc5 Bc6 
21.f3 Re8 22.Rb1 Re1+ 23.Kg2 Rxb1 24.Rxb1 Bxh4 25.Qh8+ Kf7 26.Qh5+ Kf8 27.
Rh1 Bg3 28.Ne4 Bxe4 29.Bxe4 Rd8 30.Qf5+ 1-0

[Event "XIII American Continental"]
[Site "Montevideo URU"]
[Date "2018.06.01"]
[Round "1"]
[White "Manzi, Luiz Antonio Bardaro"]
[Black "Vera Siguenas, Deivy"]
[Result "0-1"]
[WhiteElo "2030"]
[BlackElo "2516"]
[EventDate "2018.06.01"]
[PlyCount "86"]

1.Nf3 d5 2.g3 Bg4 3.Bg2 Nd7 4.d4 Ngf6 5.c4 c6 6.Nc3 e6 7.O-O dxc4 8.a4 a5 
9.Qc2 Be7 10.e4 O-O 11.Be3 Bxf3 12.Bxf3 e5 13.Rfd1 Qc7 14.Qe2 exd4 15.Bxd4
Ne5 16.Bg2 Rad8 17.Bxe5 Qxe5 18.Qxc4 Bc5 19.h3 Ba7 20.Kf1 Nh5 21.Qe2 g6 
22.Bf3 Ng7 23.Rxd8 Rxd8 24.Rd1 Rxd1+ 25.Qxd1 Ne6 26.Kg2 Bd4 27.Qb3 Nc5 28.
Qc4 b6 29.Nd1 Bxb2 30.Ne3 Kg7 31.h4 h5 32.Qc2 b5 33.axb5 cxb5 34.Nd5 Bd4 
35.Nf4 b4 36.Nd3 b3 37.Qb1 Nxd3 38.Qxd3 a4 39.Bd1 Qc5 40.f4 Qb6 41.Kf3 Bg1
42.Qc3+ Kh7 43.e5 b2 0-1

[Event "XIII American Continental"]
[Site "Montevideo URU"]
[Date "2018.06.01"]
[Round "1"]
[White "Morovic Fernandez, Ivan"]
[Black "Garmendia Vega, Gabriel"]
[Result "1-0"]
[WhiteElo "2513"]
[BlackElo "2029"]
[EventDate "2018.06.01"]
[PlyCount "53"]

1.d4 Nf6 2.c4 e6 3.Nc3 Bb4 4.Nf3 c5 5.g3 cxd4 6.Nxd4 Ne4 7.Bd2 Bxc3 8.Bxc3
Nxc3 9.bxc3 a6 10.Qa4 O-O 11.Bg2 d6 12.O-O Nd7 13.Rfd1 Nc5 14.Qa3 Bd7 15.
Nb3 Qc7 16.Rd2 Rfd8 17.Rad1 Ba4 18.Nxc5 Bxd1 19.Nxb7 Rab8 20.Nxd8 Rb1 21.
h4 Qxd8 22.Kh2 g5 23.Be4 Qf6 24.f3 gxh4 25.Qxd6 hxg3+ 26.Qxg3+ Kf8 27.Qd6+
1-0

[Event "XIII American Continental"]
[Site "Montevideo URU"]
[Date "2018.06.01"]
[Round "1"]
[White "Torella, Rodolfo"]
[Black "Hungaski, Robert"]
[Result "0-1"]
[WhiteElo "2016"]
[BlackElo "2510"]
[EventDate "2018.06.01"]
[PlyCount "88"]

1.e4 e5 2.Nf3 Nc6 3.Bb5 a6 4.Ba4 Nf6 5.O-O Be7 6.Re1 b5 7.Bb3 d6 8.c3 O-O 
9.h3 Na5 10.Bc2 c5 11.d4 Nd7 12.Nbd2 exd4 13.cxd4 Nc6 14.a4 Rb8 15.axb5 
axb5 16.Nf1 cxd4 17.Nxd4 Nxd4 18.Qxd4 Ne5 19.Rd1 Be6 20.Ne3 Rc8 21.f4 Nc6 
22.Qd2 Bf6 23.f5 Bc4 24.Ra6 Nd4 25.Nxc4 Rxc4 26.Bd3 Nb3 27.Qe1 Rxc1 28.
Rxc1 Bxb2 29.Rd1 Nc5 30.Bxb5 Nxa6 31.Bxa6 Be5 32.Bc4 Qg5 33.Qf2 Bg3 34.Qf3
h5 35.Rb1 Rc8 36.Bd5 Be5 37.Rd1 Rc3 38.Rd3 Rc1+ 39.Rd1 Rc3 40.Rd3 Rc2 41.
Rd1 Kf8 42.Bb7 Rc3 43.Rd3 Rxd3 44.Qxd3 Qc1+ 0-1

[Event "XIII American Continental"]
[Site "Montevideo URU"]
[Date "2018.06.01"]
[Round "1"]
[White "Terry Lujan, Renato Alfredo"]
[Black "Soto, Nicolas"]
[Result "1-0"]
[WhiteElo "2503"]
[BlackElo "2011"]
[EventDate "2018.06.01"]
[PlyCount "63"]

1.d4 d5 2.Nf3 Nf6 3.c4 c6 4.Nc3 dxc4 5.a4 Bf5 6.Ne5 e6 7.f3 Bb4 8.Nxc4 
Nbd7 9.Bg5 Qc7 10.e4 Bg6 11.Bh4 O-O 12.Bg3 Qd8 13.Qd2 Nb6 14.Ne5 Bxe4 15.
a5 Nbd5 16.a6 Qe7 17.axb7 Qxb7 18.Ba6 Qb6 19.Nc4 Qd8 20.Bb7 Qe7 21.Bxa8 
Rxa8 22.O-O Bf5 23.Ra6 Qb7 24.Rfa1 Nc7 25.R6a4 Nfd5 26.Bd6 Bg6 27.Bxb4 
Nxb4 28.Ne4 Ncd5 29.Ne5 Qb6 30.Nc3 Qc7 31.Nxd5 Nxd5 32.Rc4 1-0

[Event "XIII American Continental"]
[Site "Montevideo URU"]
[Date "2018.06.01"]
[Round "1"]
[White "Durante, Aurelio"]
[Black "Rodriguez Vila, Andres"]
[Result "0-1"]
[WhiteElo "2006"]
[BlackElo "2483"]
[EventDate "2018.06.01"]
[PlyCount "106"]

1.e4 e6 2.d3 d5 3.Nd2 Nf6 4.Ngf3 Bc5 5.e5 Nfd7 6.c3 Be7 7.g3 c5 8.d4 Nc6 
9.Be2 Qb6 10.Qb3 cxd4 11.Qxb6 Nxb6 12.cxd4 Bd7 13.O-O a5 14.Nb1 a4 15.Nc3 
O-O 16.Be3 Rfc8 17.Rfc1 Na5 18.Nd2 f6 19.f4 Nbc4 20.Nxc4 Nxc4 21.Bxc4 Rxc4
22.Ne2 Bb5 23.Kf2 Rb4 24.Rc2 Bd3 25.Rd2 Bxe2 26.Kxe2 Rc8 27.Kd3 Rbc4 28.
Rdd1 a3 29.b3 Rc3+ 30.Ke2 Rc2+ 31.Rd2 Bb4 32.Rxc2 Rxc2+ 33.Kf3 Rxh2 34.Bf2
fxe5 35.dxe5 g5 36.fxg5 Bd2 37.Bc5 Bc3 38.Rc1 Bxe5 39.Re1 Bg7 40.Rxe6 Rxa2
41.Re8+ Kf7 42.Re7+ Kg6 43.Kg4 Bf8 44.Re6+ Kg7 45.Bd4+ Kg8 46.Re8 Rc2 47.
Ra8 a2 48.Bf6 Rf2 49.Bd4 Rd2 50.Bf6 Kf7 51.Ra7 Bc5 52.Rxb7+ Ke6 53.Kh5 d4 
0-1

[Event "XIII American Continental"]
[Site "Montevideo URU"]
[Date "2018.06.01"]
[Round "1"]
[White "Hoffman, Alejandro"]
[Black "Chang, Suzana"]
[Result "1-0"]
[WhiteElo "2475"]
[BlackElo "1994"]
[EventDate "2018.06.01"]
[PlyCount "87"]

1.d4 Nf6 2.c4 g6 3.f3 Bg7 4.e4 d6 5.Nc3 O-O 6.Be3 c5 7.d5 e6 8.Qd2 exd5 9.
cxd5 Na6 10.Nge2 Rb8 11.Nc1 Nc7 12.a3 b5 13.b4 Nd7 14.Rb1 a5 15.Be2 Qf6 
16.N1a2 axb4 17.axb4 cxb4 18.Rxb4 Nc5 19.O-O Bd7 20.Rfb1 N7a6 21.Bd4 Qd8 
22.Bxg7 Kxg7 23.R4b2 f5 24.Nxb5 Bxb5 25.Bxb5 fxe4 26.Bxa6 Nxa6 27.Qd4+ Kg8
28.Rxb8 Nxb8 29.Qxe4 Re8 30.Qd4 Nd7 31.Nc3 Nc5 32.h4 Re5 33.Kh2 Rh5 34.g3 
g5 35.Re1 gxh4 36.g4 Rg5 37.Re3 Rg7 38.Ne4 Nxe4 39.Qxe4 Kf8 40.Qf4+ Rf7 
41.Qh6+ Kg8 42.Kg2 Rf8 43.Kh3 Qb6 44.Qg5+ 1-0

[Event "XIII American Continental"]
[Site "Montevideo URU"]
[Date "2018.06.01"]
[Round "1"]
[White "Izquierdo, Sebastian"]
[Black "Cori Quispe, Kevin Joel"]
[Result "0-1"]
[WhiteElo "1992"]
[BlackElo "2468"]
[EventDate "2018.06.01"]
[PlyCount "94"]

1.d4 Nf6 2.Nf3 e6 3.c4 Bb4+ 4.Bd2 Qe7 5.g3 Nc6 6.Bg2 Bxd2+ 7.Nbxd2 d6 8.
O-O a5 9.a3 O-O 10.Qc2 e5 11.d5 Nb8 12.e4 Na6 13.Ne1 Bg4 14.f3 Bd7 15.Nd3 
c6 16.Rfc1 Rfc8 17.Qb3 Qd8 18.Kh1 a4 19.Qd1 cxd5 20.cxd5 Bb5 21.Bf1 Qb6 
22.Rxc8+ Rxc8 23.Rc1 Rxc1 24.Qxc1 g6 25.Kg2 Nd7 26.Nf2 Bxf1+ 27.Nxf1 Nac5 
28.Nd2 h5 29.h4 Kg7 30.Qc3 Qa6 31.Qc4 Qa5 32.Qc2 Qb5 33.Nc4 Qa6 34.Qc3 Nb3
35.f4 b5 36.Nd2 Nbc5 37.fxe5 Nxe5 38.Nf3 Nd7 39.Nd4 Qb6 40.Qb4 Nc4 41.Qc3 
Nde5 42.Nd1 Kh7 43.Ne3 b4 44.axb4 Nxe3+ 45.Qxe3 Qxb4 46.Qf2 Kg7 47.Kh3 Ng4
0-1

[Event "XIII American Continental"]
[Site "Montevideo URU"]
[Date "2018.06.01"]
[Round "1"]
[White "Salinas Herrera, Pablo"]
[Black "Da Silva Junior, Sediney Mari"]
[Result "1-0"]
[WhiteElo "2463"]
[BlackElo "1990"]
[EventDate "2018.06.01"]
[PlyCount "67"]

1.e4 e6 2.d4 d5 3.Nc3 Bb4 4.Ne2 dxe4 5.a3 Be7 6.Nxe4 Nf6 7.Nxf6+ Bxf6 8.
Be3 c5 9.c3 cxd4 10.Nxd4 O-O 11.Qc2 e5 12.Nb5 a6 13.Rd1 Qe7 14.Nd6 Nc6 15.
Ne4 Rd8 16.Bd3 h6 17.O-O Bg5 18.Bb6 Re8 19.Bc5 Qe6 20.Nd6 Rd8 21.Bc4 Qg4 
22.h3 Qh4 23.Bxf7+ Kh8 24.Ba2 Rxd6 25.Rxd6 e4 26.Bb1 Bf5 27.Rd5 Be6 28.
Qxe4 Qxe4 29.Bxe4 Bxd5 30.Bxd5 Rd8 31.Rd1 Ne5 32.b3 b5 33.Bb6 Rd6 34.Bc7 
1-0

[Event "XIII American Continental"]
[Site "Montevideo URU"]
[Date "2018.06.01"]
[Round "1"]
[White "Nascimento, Pedro Henrique Alves"]
[Black "Tristan, Leonardo"]
[Result "0-1"]
[WhiteElo "1979"]
[BlackElo "2459"]
[EventDate "2018.06.01"]
[PlyCount "68"]

1.d4 d6 2.Nf3 f5 3.g3 Nf6 4.Bg2 g6 5.O-O Bg7 6.c4 O-O 7.Nc3 Nc6 8.d5 Na5 
9.Nd2 c5 10.e4 f4 11.gxf4 Nh5 12.e5 dxe5 13.fxe5 Bxe5 14.Qe2 Bxc3 15.bxc3 
Nf4 16.Qe4 Nxg2 17.Kxg2 Bf5 18.Qh4 e6 19.Qxd8 Raxd8 20.dxe6 Bxe6 21.Nb3 
Nxc4 22.Nxc5 Bd5+ 23.Kg1 Ne5 24.f4 Nf3+ 25.Kf2 Nxh2 26.Rd1 Ng4+ 27.Kg3 Nf6
28.c4 Bxc4 29.Rxd8 Rxd8 30.Nxb7 Rd3+ 31.Kf2 Ne4+ 32.Ke1 Rf3 33.Kd1 Rf1+ 
34.Kc2 Rf2+ 0-1

[Event "XIII American Continental"]
[Site "Montevideo URU"]
[Date "2018.06.01"]
[Round "1"]
[White "Panjwani, Raja"]
[Black "Moccero, Eduardo"]
[Result "1-0"]
[WhiteElo "2456"]
[BlackElo "1970"]
[EventDate "2018.06.01"]
[PlyCount "69"]

1.d4 d5 2.Nf3 c5 3.c4 e6 4.cxd5 exd5 5.g3 Nc6 6.Bg2 Nf6 7.O-O Be7 8.Nc3 
O-O 9.dxc5 Bxc5 10.a3 Be6 11.b4 Be7 12.Nd4 Nxd4 13.Qxd4 Qd7 14.Bb2 Rfd8 
15.e3 a6 16.Ne2 Rac8 17.Nf4 Rc4 18.Qd1 Bg4 19.Qb3 b5 20.Bd4 Bf5 21.Ra2 Be4
22.f3 Bf5 23.g4 Bg6 24.Rd1 Qc6 25.Nxg6 hxg6 26.Bf1 Rc1 27.Rxc1 Qxc1 28.Rc2
Qe1 29.Qb2 Qh4 30.Rc7 Bd6 31.Rc6 Nh7 32.Qf2 Qe7 33.Rxa6 Ng5 34.Ra7 Qe6 35.
h4 1-0